Tales of the Yanomami : daily life in the Venezuelan forest

Saved in:
Bibliographic Details
Main Author: Lizot, Jacques
Other Authors: Simon, Ernest (Translator)
Format: Book
Language:English
French
Published: Cambridge : Cambridge University Press , 1991.
Series:Cambridge studies in social anthropology
Subjects:
Tags: Add Tag
No Tags, Be the first to tag this record!

MARC

LEADER 00000cam a2200000 i 4500
001 1/65154
008 990108s1991 enk| ||| |||| ||eng||
020 |a 0521406722 
035 |l 10047086 
040 |a GR-MyUA  |b gre  |e AACR2 
041 1 |a eng  |h fre 
082 0 |a 306.08998 
100 1 |a Lizot, Jacques. 
245 1 0 |a Tales of the Yanomami :   |b daily life in the Venezuelan forest /   |c Jacques Lizot ; translated by Ernest Simon.  
260 |a Cambridge :   |b Cambridge University Press ,   |c 1991.  
300 |a 197 σ. :   |b εικ. ;  
490 1 |a (Cambridge studies in social anthropology   |v ; 55)  
500 |a Τίτλος πρωτοτύπου: Le cercle des feux.  
650 0 0 |a Yanomamo Indians. 
700 1 |a Simon, Ernest,  |e trl 
830 0 |a Cambridge studies in social anthropology 
852 |a INST  |b LESVOS  |e 19990108  |h 306.08998 LIZ  |p 005100017264  |q 005100017264  |t BK  |y 0 
909 |a Λ  |b 061428 
922 |a 1ΕΛΗ  |b 199811  |c ΚΠΣ/ΤΚΑ  |d ΠΑΠΑΣΩΤΗΡΙΟΥ 
950 |a 103-1998-07-27